[Event "DEM U10/U10w 2015"]
[Site "Willingen GER"]
[Date "2015.05.29"]
[Round "9"]
[White "Laux, Dominik"]
[Black "Volk, Oskar"]
[Result "0-1"]
[Termination "normal"]
[Board "23"]
[WhiteElo "1273"]
[BlackElo "1078"]
[PlyCount "82"]
[WhiteFideId "12994219"]
[BlackFideId "16242645"]
[EventCountry "GER"]
[EventRounds "11"]
[EventType "swiss"]
[EventDate "2015.05.23"]

1. d4 Nf6 2. Nf3 d5 3. Bf4 Bf5 4. h3 e6 5. e3 a6 6. Nbd2 c5 7. c3 Nc6 8. Be2
Be7 9. O-O O-O 10. Nh4 Ne4 11. Nxf5 exf5 12. Nf3 h6 13. a3 Qd7 14. Qc2 b5 15.
Rac1 c4 16. Ne5 Nxe5 17. Bxe5 Bd6 18. Bxd6 Qxd6 19. Bf3 Rfe8 20. Rfe1 Re6 21.
Bxe4 fxe4 22. Rcd1 Rg6 23. Rf1 Qf6 24. f3 exf3 25. Rxf3 Qxf3 26. Kh1 Qxe3 27.
Rf1 Qe4 28. Qxe4 dxe4 29. Re1 Re8 30. Re2 e3 31. Kg1 Rd8 32. Kf1 Rf6+ 33. Ke1
Re8 34. Rc2 e2 35. Rxe2 Rxe2+ 36. Kxe2 Kf8 37. Ke1 Ke7 38. Ke2 Ke6 39. Ke3 Kd5
40. g4 g6 41. h4 g5 0-1

[Event "DEM U10/U10w 2015"]
[Site "Willingen GER"]
[Date "2015.05.29"]
[Round "9"]
[White "Reuter, Max"]
[Black "Henzgen, Nick"]
[Result "0-1"]
[Termination "normal"]
[Board "24"]
[WhiteElo "1036"]
[BlackElo "1269"]
[PlyCount "106"]
[WhiteFideId "16263715"]
[BlackFideId "16212347"]
[EventCountry "GER"]
[EventRounds "11"]
[EventType "swiss"]
[EventDate "2015.05.23"]

1. e4 e5 2. Nf3 Nc6 3. d4 exd4 4. Nxd4 Nf6 5. Nxc6 bxc6 6. Bg5 Be7 7. Nc3 O-O
8. Bc4 Nxe4 9. Nxe4 Bxg5 10. Ng3 d5 11. Be2 Re8 12. O-O Be6 13. Bf3 Rb8 14. b3
Bf6 15. Rc1 Qd7 16. Qd2 h6 17. Rcd1 Bg4 18. Bxg4 Qxg4 19. Qa5 Qd7 20. a4 Ra8
21. c4 Red8 22. Rd3 Qd6 23. Rfd1 d4 24. Ne4 Qe5 25. Nxf6+ Qxf6 26. Qxc7 Qe6 27.
h3 Qf6 28. Qb7 c5 29. Qf3 Qd6 30. Qg3 Qe7 31. Kf1 Re8 32. Qf3 Rab8 33. R3d2 Rb6
34. g3 Re6 35. Kg2 Re1 36. Rxe1 Qxe1 37. Qd1 a5 38. Qxe1 Rxe1 39. Rb2 g5 40.
Kf3 f5 41. Kg2 Kf7 42. f3 Ke6 43. f4 Re3 44. fxg5 hxg5 45. Kf2 Ke5 46. Kg2 f4
47. g4 Ke4 48. Rb1 Kd3 49. h4 gxh4 50. Kh2 Rg3 51. b4 axb4 52. Rb3+ Kxc4 53.
Rxg3 hxg3+ 0-1

[Event "DEM U10/U10w 2015"]
[Site "Willingen GER"]
[Date "2015.05.29"]
[Round "9"]
[White "Rockmann, Enno"]
[Black "Schmidt, Pauline"]
[Result "0-1"]
[Termination "normal"]
[Board "25"]
[WhiteElo "1269"]
[BlackElo "1184"]
[PlyCount "58"]
[WhiteFideId "12982920"]
[BlackFideId "16209850"]
[EventCountry "GER"]
[EventRounds "11"]
[EventType "swiss"]
[EventDate "2015.05.23"]

1. e4 e5 2. Nf3 Nc6 3. Bc4 Bc5 4. O-O Nf6 5. d3 h6 6. c3 Bb6 7. h3 d6 8. Re1
Be6 9. Qb3 Qd7 10. d4 exd4 11. cxd4 Nxd4 12. Nxd4 Bxd4 13. Bxe6 fxe6 14. Qxb7
O-O 15. Qb4 Bc5 16. Qb3 Rab8 17. Qg3 Nh5 18. Qg4 Bxf2+ 19. Kh1 Bxe1 20. Qxh5
Rf1+ 21. Kh2 Bg3+ 22. Kxg3 Rxc1 23. Qe2 Qb5 24. Qxb5 Rxb5 25. Nc3 Rxa1 26. Nxb5
Rxa2 27. Nxc7 Rxb2 28. Nxe6 a5 29. Nd4 a4 0-1

[Event "DEM U10/U10w 2015"]
[Site "Willingen GER"]
[Date "2015.05.29"]
[Round "9"]
[White "Orlova, Alicia"]
[Black "Pachmann, Johannes"]
[Result "0-1"]
[Termination "normal"]
[Board "26"]
[WhiteElo "1110"]
[BlackElo "1308"]
[PlyCount "124"]
[WhiteFideId "34154563"]
[BlackFideId "16250451"]
[EventCountry "GER"]
[EventRounds "11"]
[EventType "swiss"]
[EventDate "2015.05.23"]

1. e4 e6 2. d4 d5 3. Nc3 dxe4 4. Nxe4 Nd7 5. Nf3 Ngf6 6. Bd3 Be7 7. Qe2 b6 8.
O-O Bb7 9. Bf4 O-O 10. c4 Re8 11. Qc2 h6 12. Rfe1 a6 13. Nfd2 Nxe4 14. Bxe4
Bxe4 15. Nxe4 Nf6 16. Rad1 Qc8 17. Re3 Rd8 18. Rf3 c5 19. dxc5 Nxe4 20. Rxd8+
Qxd8 21. cxb6 Nc5 22. b4 Nb7 23. c5 a5 24. c6 axb4 25. Rd3 Qxb6 26. c7 Rc8 27.
h3 Bd6 28. Bxd6 Nxd6 29. Qd2 Qxc7 30. Rxd6 Qc1+ 31. Qxc1 Rxc1+ 32. Kh2 Rc2 33.
Rb6 Rd2 34. Rxb4 Rxf2 35. Re4 Kh7 36. Kg3 Rf6 37. h4 h5 38. Re5 g6 39. Rg5 Rf5
40. Rxf5 exf5 41. Kf4 Kg7 42. Kg5 f6+ 43. Kf4 Kf7 44. g3 Ke6 45. Kf3 Ke5 46.
Ke3 g5 47. hxg5 fxg5 48. Kf3 Kd4 49. Kf2 Ke4 50. Kg2 f4 51. gxf4 Kxf4 52. Kh3
g4+ 53. Kg2 h4 54. Kf2 h3 55. Kg1 g3 56. Kh1 g2+ 57. Kh2 Kf3 58. Kg1 Ke2 59.
Kh2 Kf2 60. Kxh3 g1=Q 61. Kh4 Qg6 62. Kh3 Qg3# 0-1

[Event "DEM U10/U10w 2015"]
[Site "Willingen GER"]
[Date "2015.05.29"]
[Round "9"]
[White "Reichelt, Lena"]
[Black "Zwecker, Hagen"]
[Result "1-0"]
[Termination "normal"]
[Board "27"]
[WhiteElo "1285"]
[BlackElo "1145"]
[PlyCount "51"]
[WhiteFideId "12981184"]
[BlackFideId "12991007"]
[EventCountry "GER"]
[EventRounds "11"]
[EventType "swiss"]
[EventDate "2015.05.23"]

1. e4 e5 2. d4 exd4 3. Qxd4 Nc6 4. Qe3 Nf6 5. Nc3 Bb4 6. Bd2 d6 7. O-O-O O-O 8.
f3 Be6 9. Kb1 Re8 10. Qf2 Bxc3 11. Bxc3 a5 12. Bb5 a4 13. a3 Re7 14. Bxf6 gxf6
15. Qh4 Re8 16. Ne2 f5 17. Qh6 fxe4 18. fxe4 Bg4 19. Ng3 Ra5 20. Rd5 Re5 21.
Bxc6 bxc6 22. Rxa5 Rxa5 23. h3 Be6 24. Nh5 Qg5 25. Nf6+ Qxf6 26. Qxf6 1-0

[Event "DEM U10/U10w 2015"]
[Site "Willingen GER"]
[Date "2015.05.29"]
[Round "9"]
[White "Gericke, Luis"]
[Black "Baltic, Sara"]
[Result "1-0"]
[Termination "normal"]
[Board "28"]
[WhiteElo "1220"]
[BlackElo "1129"]
[PlyCount "125"]
[WhiteFideId "16212525"]
[BlackFideId "16210409"]
[EventCountry "GER"]
[EventRounds "11"]
[EventType "swiss"]
[EventDate "2015.05.23"]

1. e4 e6 2. d4 d5 3. exd5 exd5 4. Bd3 Bd6 5. Nf3 Nc6 6. c3 Nge7 7. O-O Bg4 8.
Be3 Qd7 9. Nbd2 f6 10. b4 Ng6 11. a4 O-O-O 12. a5 Nf4 13. Bxf4 Bxf4 14. Nb3 g5
15. b5 Ne7 16. Nc5 Bxf3 17. Qxf3 Qd6 18. Qh3+ Kb8 19. Rfd1 h5 20. g3 g4 21. Qg2
Bh6 22. c4 b6 23. axb6 cxb6 24. Na6+ Kc8 25. c5 bxc5 26. dxc5 Qe5 27. b6 axb6
28. cxb6 Rd6 29. Rab1 Rd7 30. Nc5 Rd6 31. b7+ Kb8 32. Na6+ Rxa6 33. Bxa6 Qd6
34. Bc4 d4 35. Ra1 Kc7 36. Ra8 Rb8 37. Rxb8 Kxb8 38. Ra1 Nc6 39. Qd5 Qxd5 40.
Bxd5 Kxb7 41. Bxc6+ Kxc6 42. Ra6+ Kd5 43. Rxf6 Bc1 44. Rf5+ Kc4 45. Kf1 d3 46.
Ke1 d2+ 47. Kd1 Kc3 48. Rxh5 Kd3 49. Rg5 Ke4 50. Rxg4+ Kf3 51. Rf4+ Kg2 52. h4
Ba3 53. h5 Bd6 54. h6 Bxf4 55. gxf4 Kf3 56. h7 Kxf4 57. h8=Q Kf3 58. Kxd2 Kxf2
59. Qf6+ Kg3 60. Ke3 Kh3 61. Qg5 Kh2 62. Kf2 Kh3 63. Qg3# 1-0

[Event "DEM U10/U10w 2015"]
[Site "Willingen GER"]
[Date "2015.05.29"]
[Round "9"]
[White "Liu, Sijia Anna"]
[Black "Joppich, Til"]
[Result "0-1"]
[Termination "normal"]
[Board "29"]
[WhiteElo "1147"]
[BlackElo "1108"]
[PlyCount "56"]
[WhiteFideId "12989746"]
[BlackFideId "16232917"]
[EventCountry "GER"]
[EventRounds "11"]
[EventType "swiss"]
[EventDate "2015.05.23"]

1. e4 e5 2. Nf3 Nc6 3. Bc4 Bc5 4. b4 Bxb4 5. c3 Ba5 6. d4 exd4 7. O-O Nf6 8. e5
Ng4 9. Re1 O-O 10. Bb3 dxc3 11. Qd3 c2 12. Bxc2 g6 13. Re4 d5 14. exd6 Bf5 15.
h3 Nge5 16. Nxe5 Nxe5 17. Qb5 Bxe4 18. Bxe4 cxd6 19. Ba3 Bb6 20. Qd5 Qf6 21.
Nc3 Qxf2+ 22. Kh2 Ng4+ 23. Kh1 Ne3 24. Qxd6 Nf1 25. Rxf1 Qxf1+ 26. Kh2 Bg1+ 27.
Kh1 Bf2+ 28. Kh2 Qg1# 0-1

[Event "DEM U10/U10w 2015"]
[Site "Willingen GER"]
[Date "2015.05.29"]
[Round "9"]
[White "Bayer, Melissa"]
[Black "Stillbauer, Jan"]
[Result "0-1"]
[Termination "normal"]
[Board "30"]
[WhiteElo "1104"]
[BlackElo "1146"]
[PlyCount "86"]
[WhiteFideId "16206916"]
[BlackFideId "16239393"]
[EventCountry "GER"]
[EventRounds "11"]
[EventType "swiss"]
[EventDate "2015.05.23"]

1. e4 e5 2. Nf3 Nc6 3. Bb5 a6 4. Ba4 Nf6 5. d3 Bc5 6. O-O b5 7. Bb3 d6 8. Bg5
h6 9. Bh4 Bg4 10. Nbd2 Nd4 11. Bd5 Rb8 12. c3 Nxf3+ 13. Nxf3 O-O 14. d4 exd4
15. cxd4 Bxf3 16. Qxf3 Bxd4 17. Rab1 Qd7 18. Rfd1 Be5 19. b4 Nxd5 20. Rxd5 Qe6
21. Rc1 Rbc8 22. a3 c6 23. Rd3 c5 24. Rd5 cxb4 25. axb4 Rxc1+ 26. Rd1 Rxd1+ 27.
Qxd1 Bc3 28. f3 Bxb4 29. Qd5 Qxd5 30. exd5 Bc5+ 31. Kf1 b4 32. Be1 a5 33. Ke2
a4 34. Kd1 a3 35. Kc1 Ra8 36. g4 a2 37. Kd2 a1=Q 38. Kd3 Qxe1 39. Kc2 Qc3+ 40.
Kd1 Qe3 41. Kc2 Ra2+ 42. Kb1 Rxh2 43. f4 Qe1# 0-1

[Event "DEM U10/U10w 2015"]
[Site "Willingen GER"]
[Date "2015.05.29"]
[Round "9"]
[White "Wiemann, Vanessa"]
[Black "Ruppert, Jeremy"]
[Result "1/2-1/2"]
[Termination "normal"]
[Board "31"]
[WhiteElo "1229"]
[BlackElo "1147"]
[PlyCount "178"]
[WhiteFideId "12942987"]
[EventCountry "GER"]
[EventRounds "11"]
[EventType "swiss"]
[EventDate "2015.05.23"]

1. d4 d5 2. Bg5 f6 3. Bh4 Nc6 4. e3 e5 5. Nc3 Be6 6. Nf3 Qd7 7. Be2 Nh6 8. h3
Nf5 9. g4 Nxh4 10. Nxh4 exd4 11. exd4 O-O-O 12. Qd2 g5 13. Nf3 Re8 14. O-O-O
Na5 15. Bb5 c6 16. Bd3 Qc7 17. Rhe1 Qd6 18. Re2 Nc4 19. Bxc4 dxc4 20. Rde1 Bh6
21. Ne4 Qd8 22. Qb4 Bf8 23. Qc3 a5 24. a3 Bd5 25. Ned2 Bh6 26. Rxe8 Rxe8 27.
Rxe8 Qxe8 28. Nxc4 Bxc4 29. Qxc4 f5 30. b3 Qe4 31. Qg8+ Kc7 32. Qxh7+ Kb6 33.
Qxh6 Qxf3 34. Qxg5 fxg4 35. hxg4 Qxf2 36. Qd8+ Ka6 37. g5 Qh4 38. Qf6 Kb5 39.
Qf5+ Kb6 40. Qe5 Ka6 41. g6 Qh6+ 42. Kb2 Qxg6 43. d5 cxd5 44. Qxd5 Qf6+ 45. c3
Qf2+ 46. Kc1 Qe1+ 47. Qd1 Qxc3+ 48. Qc2 Qa1+ 49. Kd2 Qxa3 50. Qd3+ b5 51. Qg6+
Kb7 52. Qf7+ Kc6 53. Qe8+ Kb6 54. Qe6+ Kc7 55. Qf7+ Kb8 56. Qe8+ Kc7 57. Qxb5
Qb2+ 58. Kd1 Qb1+ 59. Kd2 Qb2+ 60. Kd1 Qd4+ 61. Kc2 Qf2+ 62. Kc1 Qe1+ 63. Kb2
Qd2+ 64. Kb1 Qd1+ 65. Kb2 Qd2+ 66. Kb1 Qd1+ 67. Kb2 Qd4+ 68. Kb1 Qb6 69. Qe5+
Kb7 70. Qe4+ Ka6 71. Qc4+ Qb5 72. Qe6+ Kb7 73. Qe7+ Kc6 74. Qe6+ Kc5 75. Qe5+
Kb4 76. Qxb5+ Kxb5 77. Kb2 Kb4 78. Ka2 Kc5 79. Ka3 Kb5 80. Kb2 Kc5 81. Ka3 Kb5
82. Kb2 Kb4 83. Ka2 Kc5 84. Ka3 Kd4 85. Ka4 Kc3 86. Ka3 Kd4 87. Ka4 Kc3 88. Ka3
Kd4 89. Ka4 Kc3 1/2-1/2

[Event "DEM U10/U10w 2015"]
[Site "Willingen GER"]
[Date "2015.05.29"]
[Round "9"]
[White "Peglau, Mirjam"]
[Black "Bashylina, Luisa"]
[Result "1-0"]
[Termination "normal"]
[Board "32"]
[WhiteElo "1055"]
[BlackElo "1223"]
[PlyCount "107"]
[WhiteFideId "16211138"]
[BlackFideId "12983292"]
[EventCountry "GER"]
[EventRounds "11"]
[EventType "swiss"]
[EventDate "2015.05.23"]

1. e4 e5 2. Nf3 d6 3. d4 exd4 4. Nxd4 Be7 5. Bd3 Nf6 6. O-O O-O 7. Nd2 Nc6 8.
Nxc6 bxc6 9. Nb3 Be6 10. Nd4 Qd7 11. Kh1 c5 12. Nxe6 Qxe6 13. Qe2 Rab8 14. b3
Qe5 15. Bd2 h6 16. f4 Qe6 17. e5 dxe5 18. Qxe5 Qxe5 19. fxe5 Nd7 20. Rae1 Rbd8
21. Bc3 Nb6 22. e6 fxe6 23. Rxf8+ Rxf8 24. Rxe6 Bg5 25. Re1 Nd5 26. Bb2 Nb4 27.
Bc4+ Kh8 28. c3 Nc6 29. Rf1 Rxf1+ 30. Bxf1 Kg8 31. Kg1 Be3+ 32. Kh1 Ne5 33. h3
g5 34. c4 Nc6 35. Kh2 Nb4 36. a3 Nc6 37. Kg3 Kf7 38. Kf3 Bf4 39. Ke4 Ke6 40.
Bg7 h5 41. h4 Na5 42. b4 Nb3 43. Be2 Bc1 44. hxg5 Bxg5 45. Bxh5 Nd2+ 46. Kd3
Nf1 47. bxc5 Ne3 48. g4 a6 49. Bc3 Bh6 50. c6 Ng2 51. Bd2 Bg7 52. Ke4 Nh4 53.
Bf4 a5 54. Bxc7 1-0

[Event "DEM U10/U10w 2015"]
[Site "Willingen GER"]
[Date "2015.05.29"]
[Round "9"]
[White "Rashba, David"]
[Black "Wallat, Alexandra"]
[Result "1-0"]
[Termination "normal"]
[Board "34"]
[WhiteElo "1130"]
[BlackElo "935"]
[PlyCount "97"]
[WhiteFideId "16205499"]
[BlackFideId "16211413"]
[EventCountry "GER"]
[EventRounds "11"]
[EventType "swiss"]
[EventDate "2015.05.23"]

1. e4 d5 2. exd5 Qxd5 3. Nc3 Qa5 4. d4 c6 5. Bd2 Qc7 6. Bc4 Nf6 7. h3 Bf5 8.
Nf3 e6 9. Nh4 Be7 10. Nxf5 exf5 11. Qf3 Nbd7 12. Qxf5 b5 13. Bb3 a5 14. a4 b4
15. Ne2 O-O 16. O-O c5 17. Rfe1 c4 18. Ba2 Rfe8 19. Ng3 Bd6 20. Rxe8+ Rxe8 21.
Qf3 Qb6 22. Be3 Bxg3 23. Qxg3 Ne4 24. Qg4 Ndf6 25. Qe2 Nd6 26. Bxc4 Nxc4 27.
Qxc4 Qe6 28. Qxe6 Rxe6 29. Rc1 Nd5 30. Re1 g6 31. Kf1 Kg7 32. Bd2 Rxe1+ 33.
Kxe1 Kf6 34. c4 bxc3 35. bxc3 Ke6 36. c4 Nf6 37. Bxa5 Kd6 38. Ke2 h5 39. Bb4+
Kc6 40. Kd3 g5 41. d5+ Kc7 42. Be7 Nh7 43. d6+ Kc6 44. c5 g4 45. h4 f5 46. a5
Kd5 47. d7 Ke5 48. d8=Q Kf4 49. Qd4# 1-0

[Event "DEM U10/U10w 2015"]
[Site "Willingen GER"]
[Date "2015.05.29"]
[Round "9"]
[White "von Rosen, Jakob"]
[Black "Breß, Amy Charlize"]
[Result "0-1"]
[Termination "normal"]
[Board "35"]
[WhiteElo "1124"]
[BlackElo "941"]
[PlyCount "138"]
[WhiteFideId "12982989"]
[BlackFideId "16233786"]
[EventCountry "GER"]
[EventRounds "11"]
[EventType "swiss"]
[EventDate "2015.05.23"]

1. c4 d6 2. g3 e5 3. Nc3 Be6 4. d3 Nc6 5. Bg2 Qd7 6. Nf3 O-O-O 7. O-O Bh3 8.
Rb1 h5 9. Nd5 h4 10. Bxh3 Qxh3 11. Ng5 Qd7 12. f3 hxg3 13. hxg3 f6 14. Ne4 Qh3
15. Kf2 Qh2+ 16. Ke1 Qg2 17. Be3 Rh1 18. Kd2 Rxf1 19. Qxf1 Qxf1 20. Rxf1 Nge7
21. Nxe7+ Bxe7 22. Rh1 d5 23. Nc5 Bxc5 24. Bxc5 dxc4 25. Rh7 cxd3 26. exd3 Rd5
27. Bf8 Nd4 28. f4 exf4 29. gxf4 Ne6 30. Rh8 Rd8 31. Bxg7 Nxg7 32. Rxd8+ Kxd8
33. Ke3 Kd7 34. Ke4 f5+ 35. Ke5 Ke7 36. d4 c6 37. d5 cxd5 38. Kxd5 Kf6 39. Kd4
Nh5 40. Ke3 Ke6 41. a4 Kd5 42. b3 Kc5 43. Kd3 Nxf4+ 44. Ke3 Ng6 45. Kd3 f4 46.
Kc3 f3 47. b4+ Kc6 48. Kd3 Ne5+ 49. Ke3 b5 50. a5 Kd5 51. Kf2 Kc4 52. Ke3 Kxb4
53. Kf2 Kxa5 54. Ke3 b4 55. Kf2 b3 56. Ke3 b2 57. Kf2 b1=Q 58. Ke3 f2 59. Kxf2
Qe4 60. Kg1 Qf5 61. Kg2 Kb4 62. Kg3 Kc4 63. Kh4 Kd4 64. Kg3 Ke4 65. Kg2 Ke3 66.
Kg3 Qf3+ 67. Kh2 Qg4 68. Kh1 Kf2 69. Kh2 Qg2# 0-1

[Event "DEM U10/U10w 2015"]
[Site "Willingen GER"]
[Date "2015.05.29"]
[Round "9"]
[White "Kalina, Lena"]
[Black "Handschuh, Felix"]
[Result "1-0"]
[Termination "time forfeit"]
[Board "36"]
[WhiteElo "993"]
[BlackElo "1114"]
[PlyCount "55"]
[WhiteFideId "12988014"]
[BlackFideId "12997447"]
[EventCountry "GER"]
[EventRounds "11"]
[EventType "swiss"]
[EventDate "2015.05.23"]

1. e4 e6 2. d4 d5 3. e5 b6 4. c4 Ne7 5. Nc3 Ng6 6. Nf3 Be7 7. Be3 O-O 8. Bd3
Ba6 9. cxd5 exd5 10. O-O Bxd3 11. Qxd3 f6 12. Rfd1 c6 13. Rac1 Nd7 14. exf6
Bxf6 15. Ne2 Rc8 16. b4 Be7 17. a3 Nf6 18. Nc3 Qe8 19. Re1 Qd7 20. Red1 Ng4 21.
Ne2 Nxe3 22. fxe3 Rce8 23. Rc2 Qe6 24. Rc3 Bd8 25. Rdc1 Qg4 26. Rf1 Nh4 27.
Nxh4 Rxf1+ 28. Kxf1 1-0

[Event "DEM U10/U10w 2015"]
[Site "Willingen GER"]
[Date "2015.05.29"]
[Round "9"]
[White "Wehrle, Maximilian"]
[Black "Schneider, Anna"]
[Result "1-0"]
[Termination "normal"]
[Board "37"]
[WhiteElo "1108"]
[BlackElo "1060"]
[PlyCount "161"]
[WhiteFideId "65600347"]
[BlackFideId "16200527"]
[EventCountry "GER"]
[EventRounds "11"]
[EventType "swiss"]
[EventDate "2015.05.23"]

1. e4 e5 2. Nf3 Nc6 3. Bc4 Bc5 4. c3 Nf6 5. d3 d6 6. O-O h6 7. Nbd2 g5 8. Re1
g4 9. Nh4 Rg8 10. g3 Nh5 11. Nf1 Qf6 12. Re2 Bd7 13. a4 a6 14. Bb3 Be6 15. Bc2
d5 16. Be3 d4 17. cxd4 Nxd4 18. Bxd4 Bxd4 19. Qc1 c5 20. Ne3 b6 21. a5 b5 22.
Kf1 Kf8 23. Qb1 Kg7 24. Qc1 Kh8 25. Ke1 c4 26. dxc4 bxc4 27. Kd1 Rad8 28. Ke1
c3 29. b3 Qg5 30. Nc4 Qg7 31. Ra4 Rgf8 32. Ne3 f6 33. b4 Rb8 34. Nhf5 Bxf5 35.
Nxf5 Qg6 36. Qxh6+ Qxh6 37. Nxh6 Kh7 38. Nxg4 Rg8 39. Ne3 Rb7 40. Nd5 Kg6 41.
Kf1 Kg5 42. h4+ Kh6 43. Bd1 Rf8 44. Rc2 f5 45. exf5 Rc8 46. Bxh5 Kxh5 47. f6
Rf7 48. Kg2 Rff8 49. Ra3 e4 50. Nxc3 Bxc3 51. Raxc3 Rxc3 52. Rxc3 Rxf6 53. Re3
Re6 54. f3 Rd6 55. fxe4 Rd2+ 56. Kf3 Rb2 57. Ra3 Rxb4 58. e5 Kg6 59. g4 Kf7 60.
h5 Ke6 61. Rc3 Kxe5 62. Rc6 Rb3+ 63. Ke2 Ke4 64. Rxa6 Rb2+ 65. Kd1 Kd3 66. Rd6+
Ke3 67. a6 Rb1+ 68. Kc2 Ra1 69. h6 Kf3 70. h7 Rh1 71. Rd7 Rh2+ 72. Kc3 Kxg4 73.
a7 Rh3+ 74. Kc4 Kg5 75. a8=Q Kg6 76. h8=Q Rxh8 77. Qxh8 Kf5 78. Qe8 Kf6 79.
Rf7+ Kg6 80. Qg8+ Kh6 81. Rh7# 1-0

[Event "DEM U10/U10w 2015"]
[Site "Willingen GER"]
[Date "2015.05.29"]
[Round "9"]
[White "Gehle, Joshua"]
[Black "Schupfer, Michael"]
[Result "1-0"]
[Termination "normal"]
[Board "38"]
[WhiteElo "948"]
[BlackElo "1173"]
[PlyCount "93"]
[WhiteFideId "16273753"]
[EventCountry "GER"]
[EventRounds "11"]
[EventType "swiss"]
[EventDate "2015.05.23"]

1. e4 e5 2. Nf3 Nc6 3. Bb5 a6 4. Ba4 Nf6 5. O-O b5 6. Bb3 Nxe4 7. Re1 d5 8. d3
Nf6 9. Nxe5 Nxe5 10. Rxe5+ Be6 11. Bg5 Be7 12. d4 h6 13. Bh4 g5 14. Bg3 Bd6 15.
Re3 c6 16. Nc3 h5 17. h3 g4 18. h4 a5 19. a4 b4 20. Ne2 Qc7 21. c3 bxc3 22.
bxc3 Ne4 23. c4 Bxg3 24. Nxg3 Nxg3 25. fxg3 Qd7 26. c5 f5 27. Qe2 Rh6 28. Re1
Ke7 29. Bc2 Rf8 30. Re5 Rhf6 31. Bxf5 Rxf5 32. Rxe6+ Kd8 33. Rd6 R8f7 34. Rxd7+
Rxd7 35. Qa6 Rc7 36. Qxa5 Kd7 37. Re5 Rf7 38. Rxh5 Rb7 39. Rh6 Rb1+ 40. Kh2 Rb7
41. Qa6 Kd8 42. Qa8+ Kc7 43. Rh8 Kd7 44. Qc8+ Ke7 45. Qd8+ Ke6 46. Qd6+ Kf5 47.
Qe5+ 1-0

[Event "DEM U10/U10w 2015"]
[Site "Willingen GER"]
[Date "2015.05.29"]
[Round "9"]
[White "Kriuckova, Sonia"]
[Black "Sklarski, Lior"]
[Result "1-0"]
[Termination "normal"]
[Board "39"]
[WhiteElo "1297"]
[BlackElo "1087"]
[PlyCount "127"]
[WhiteFideId "16204310"]
[BlackFideId "12987077"]
[EventCountry "GER"]
[EventRounds "11"]
[EventType "swiss"]
[EventDate "2015.05.23"]

1. e4 e6 2. d4 d5 3. Nc3 Nf6 4. Bd3 c5 5. exd5 exd5 6. dxc5 Bxc5 7. Nf3 O-O 8.
O-O Nc6 9. Re1 Be6 10. a3 Qb6 11. Qd2 Rfe8 12. Na4 Qa5 13. Qxa5 Bxf2+ 14. Kxf2
Nxa5 15. b4 Nc4 16. Bxc4 dxc4 17. Bb2 Ng4+ 18. Kg1 Bd7 19. Nc3 Red8 20. h3 Nf6
21. Rad1 Bf5 22. Re2 Ne4 23. Rxd8+ Rxd8 24. Nxe4 Rd1+ 25. Kh2 Rb1 26. Nd6 Bd7
27. Bd4 Rd1 28. c3 h6 29. Re7 Bc6 30. Ne5 Bd5 31. Nexf7 Rf1 32. a4 a6 33. Nxb7
Rxf7 34. Rxf7 Kxf7 35. Nc5 g6 36. Nxa6 Ke7 37. Nc5 Kd6 38. a5 Kc7 39. Kg3 Bc6
40. Kf2 Bd5 41. g3 Bc6 42. Ke3 g5 43. h4 gxh4 44. gxh4 h5 45. Kf4 Kd6 46. Kg5
Be8 47. Ne4+ Kc6 48. Nf6 Bf7 49. Nxh5 Kb5 50. Nf6 Kc6 51. h5 Bxh5 52. Nxh5 Kb5
53. Kf6 Kc6 54. Ke6 Kb5 55. Kd5 Ka6 56. Kxc4 Kb7 57. b5 Kc7 58. Be5+ Kb7 59.
Bf6 Ka7 60. b6+ Kb7 61. Kb5 Kb8 62. Ka6 Ka8 63. b7+ Kb8 64. Be5# 1-0

[Event "DEM U10/U10w 2015"]
[Site "Willingen GER"]
[Date "2015.05.29"]
[Round "9"]
[White "Pflugradt, Natalie"]
[Black "Straub, Benno"]
[Result "0-1"]
[Termination "normal"]
[Board "40"]
[WhiteElo "1120"]
[BlackElo "1022"]
[PlyCount "92"]
[WhiteFideId "16212444"]
[BlackFideId "16255488"]
[EventCountry "GER"]
[EventRounds "11"]
[EventType "swiss"]
[EventDate "2015.05.23"]

1. e4 e5 2. Nf3 Nc6 3. Bc4 Bc5 4. c3 Nf6 5. d4 exd4 6. cxd4 Bb4+ 7. Bd2 Bxd2+
8. Nbxd2 O-O 9. O-O d5 10. exd5 Nxd5 11. Qb3 Nb6 12. Bd3 Nxd4 13. Nxd4 Qxd4 14.
Nf3 Qa4 15. Qc3 Bg4 16. Be2 c6 17. Rfe1 Nd5 18. Qd2 Qf4 19. Qxf4 Nxf4 20. Nd4
Nxe2+ 21. Nxe2 Bxe2 22. Rxe2 Rfe8 23. Rae1 Rxe2 24. Rxe2 Kf8 25. Kf1 Re8 26.
Rd2 Ke7 27. Ke2 Kf6+ 28. Kf3 Re5 29. Kg3 Rd5 30. Re2 b5 31. Kf3 a5 32. Ke3 Re5+
33. Kd3 Rxe2 34. Kxe2 Ke5 35. Kd3 c5 36. Kc3 Ke4 37. Kd2 Kd4 38. Kc2 f5 39. Kd2
g5 40. Ke2 c4 41. Kd2 h5 42. Kc2 b4 43. Kc1 Kd3 44. Kd1 c3 45. b3 h4 46. Kc1
Ke2 0-1

[Event "DEM U10/U10w 2015"]
[Site "Willingen GER"]
[Date "2015.05.29"]
[Round "9"]
[White "Klühs, Isabel"]
[Black "Röste, Hugo"]
[Result "1-0"]
[Termination "normal"]
[Board "41"]
[WhiteElo "901"]
[BlackElo "1053"]
[PlyCount "77"]
[WhiteFideId "16228944"]
[BlackFideId "16247604"]
[EventCountry "GER"]
[EventRounds "11"]
[EventType "swiss"]
[EventDate "2015.05.23"]

1. d4 d5 2. Nf3 Nf6 3. e3 Bg4 4. Bd3 e6 5. Nbd2 Nc6 6. c3 Be7 7. O-O O-O 8. e4
dxe4 9. Nxe4 Nxe4 10. Bxe4 Qd7 11. Bf4 f5 12. Bc2 Bh5 13. Qd3 Rac8 14. Ne5 Nxe5
15. Bxe5 Bf6 16. Bf4 c6 17. Rfe1 Be7 18. Qg3 Bg6 19. Be5 Rfd8 20. Bd1 Qe8 21.
Bh5 Qf7 22. Bxg6 Qxg6 23. Qxg6 hxg6 24. Bf4 Kf7 25. Kf1 Bf6 26. Ke2 Re8 27. Kd3
Rcd8 28. Kc4 b6 29. f3 Ke7 30. g4 fxg4 31. fxg4 Kd7 32. g5 Be7 33. b4 b5+ 34.
Kb3 Bd6 35. Bxd6 Kxd6 36. a4 Ra8 37. axb5 cxb5 38. Ra6+ Kd5 39. Re5# 1-0

[Event "DEM U10/U10w 2015"]
[Site "Willingen GER"]
[Date "2015.05.29"]
[Round "9"]
[White "Adelhardt, Lisa"]
[Black "Kieckbusch, Lotta"]
[Result "0-1"]
[Termination "normal"]
[Board "42"]
[WhiteElo "897"]
[BlackElo "749"]
[PlyCount "142"]
[WhiteFideId "16235380"]
[BlackFideId "16214390"]
[EventCountry "GER"]
[EventRounds "11"]
[EventType "swiss"]
[EventDate "2015.05.23"]

1. e4 c6 2. d4 d5 3. Nc3 dxe4 4. Nxe4 Bf5 5. Ng3 Bg6 6. f4 h6 7. f5 Bh7 8. Nf3
e6 9. fxe6 fxe6 10. Bc4 Qd6 11. O-O Nf6 12. Bxe6 Be7 13. Bb3 Nbd7 14. Be3 O-O-O
15. c3 Bg6 16. d5 Kb8 17. dxc6 Qxc6 18. Bf4+ Ka8 19. Ba4 Qb6+ 20. Kh1 Nc5 21.
Qe1 Nd5 22. Be3 Nxe3 23. Qxe3 Bf6 24. Bd1 Rhe8 25. Qf2 Nd3 26. Qxb6 axb6 27.
Be2 Nxb2 28. Rac1 Rc8 29. Bb5 Re3 30. Rf2 Nd3 31. Bxd3 Rxd3 32. Ne2 Bxc3 33.
Nxc3 Rdxc3 34. Rxc3 34... Rxc3 {laut beiden Partieformularen folgte nun 35.Se5.
Da im 41. Zug jedoch Kf2 folgte bzw. Schwarz bei den folgenden Zuegen staendig
Matt setzen kann, wurde offenbar der Koenig versehentlich nach g1 verschoben.
Zur weiteren Partieeingabe wurde nun jeweils ein Zwischenzug eingefuegt.} 35.
Kg1 Bf5 36. Ne5 Be4 37. Rf8+ Ka7 38. Rf4 Bc6 39. Nxc6+ bxc6 40. Rf7+ Ka6 41.
Rxg7 Rc1+ 42. Kf2 Rc2+ 43. Kf3 Rxa2 44. g4 Rxh2 45. Rh7 Rh1 46. g5 Rf1+ 47. Kg4
hxg5 48. Kxg5 c5 49. Rh8 c4 50. Ra8+ Kb5 51. Rc8 Kb4 52. Rb8 b5 53. Re8 c3 54.
Re4+ Kb3 55. Re3 Kb2 56. Re2+ c2 57. Kg4 Kb1 58. Re5 c1=Q 59. Rxb5+ Qb2 60.
Rxb2+ Kxb2 61. Kg3 Kc3 62. Kg2 Rf8 63. Kg3 Kd4 64. Kg4 Ke5 65. Kg3 Ke4 66. Kg2
Ke3 67. Kg1 Ke2 68. Kg2 Rg8+ 69. Kh2 Kf3 70. Kh1 Kf2 71. Kh2 Rh8# 0-1